Lectura de Pi i Margall / Antoni Rovira i Virgili ; edició a cura de Leandre Colomer
Descripción Física:
XLIV, 200 p. ; 19'5 cm
Otros Autores:
Colomer, Leandre, ed
MARC
| LEADER | 00000nam a2200000Ia 4500 | ||
|---|---|---|---|
| 001 | 9544 | ||
| 008 | 160829s1990 xx 000 0 cat d | ||
| 080 | |a M-2-244 | ||
| 100 | 1 | |a Rovira i Virgili, Antoni, |d 1882-1949 |9 25588 | |
| 245 | |a Lectura de Pi i Margall / Antoni Rovira i Virgili ; edició a cura de Leandre Colomer | ||
| 260 | |a Barcelona : |b La Magrana : |b Diputació de Barcelona, |c 1990 | ||
| 300 | |a XLIV, 200 p. ; |c 19'5 cm | ||
| 490 | |a Biblioteca dels clàssics del nacionalisme català ; 22 | ||
| 650 | |a Pi i Margall, Francesc |9 32940 | ||
| 650 | |a Espanya |x Política i govern |x S. XIX |9 32941 | ||
| 700 | |a Colomer, Leandre, ed. |9 32942 | ||
| 901 | |a Arxiu | ||
| 942 | |n 1 | ||
| 952 | |0 0 |1 0 |4 0 |6 M2244 |7 1 |9 46153 |a Arxiu |b Arxiu |d 2016-12-01 |l 0 |o M-2-244 |p 9544 |r 2016-12-01 00:00:00 |w 2016-12-01 |y ARXIU | ||
| 999 | |c 49655 |d 49655 | ||